|
|
|
|
| LEADER |
00000nam a22000007a 4500 |
| 005 |
20141127181138.0 |
| 007 |
cr|||| |||| |
| 008 |
141127s2014 mx |||||s|||| 00||0 spa d |
| 020 |
|
|
|a 978-607-440-693-1
|
| 035 |
|
|
|a 12528
|
| 040 |
|
|
|a vLex
|
| 090 |
|
|
|c 5303
|d 5303
|
| 100 |
1 |
|
|a Přez Chavez, Još
|
| 245 |
1 |
0 |
|a Beneficios que se contienen en las disposiciones fiscales
|h [Recurso electrn̤ico] :
|b Anl̀isis prc̀tico 2014 /
|c Jos ̌Přez Chavez, Raymundo Fol Olguin
|
| 256 |
|
|
|a Servicio en ln̕ea
|
| 260 |
|
|
|a Mx̌ico D.F.:
|b Tax Editores,
|c 2014
|
| 300 |
|
|
|a 1 recurso electrn̤ico
|
| 500 |
|
|
|a Con la finalidad de facilitar a los contribuyentes el cumplimiento de sus obligaciones fiscales, o bien, para fomentar el desarrollo de varios sectores de la economa̕ nacional, en diversas disposiciones en materia tributaria existe una amplia gama de beneficios para los causantes de los impuestos; sin embargo, ya que dichos estm̕ulos se encuentran dispersos en leyes y decretos, en un sinfn̕ de ocasiones los contribuyentes no los consideran, ya sea por desconocimiento o por la complejidad que presenta su aplicacin̤. Por lo anterior, hemos elaborado esta obra para recopilar, en un solo ejemplar, los principales beneficios fiscales que tanto las personas fs̕icas como las morales pueden aplicar en el transcurso de sus actividades y as,̕ con el conocimiento de los mismos, aminorar su carga tributaria. Adems̀, presentamos el beneficio correspondiente y se ilustra su aplicacin̤ mediante casos prc̀ticos para una mejor comprensin̤. Las principales disposiciones fiscales que analizamos en este volumen son: Leyes de los Impuestos sobre la Renta y al Valor Agregado. Ley de Ingresos de la Federacin̤ vigente. Cd̤igo Fiscal de la Federacin̤. Resolucin̤ Miscelǹea Fiscal vigente. Resolucin̤ de Facilidades Administrativas vigente. Diversos decretos.
|
| 506 |
1 |
|
|a Contenido disponible en los productos indicados
|d vLex Global
|d vLex Global (Academic Edition, excluding Law Schools)
|d vLex Global (U.S. Academic Edition, Law Schools)
|d vLex Global (U.S. Academic Edition, excluding Law Schools)
|d vLex Global (Academic Edition, Law Schools)
|
| 650 |
0 |
4 |
|a Derecho tributario
|z Mx̌ico
|
| 700 |
1 |
|
|a Fol Olguin, Raymundo
|
| 740 |
0 |
|
|a vLex Revistas (Servicio en ln̕ea)
|
| 856 |
4 |
0 |
|u http://vlex.com/source/beneficios-que-se-contienen-en-las-disposiciones-fiscales-analisis-practico-2014-12528
|z Acceso restringido
|
| 942 |
|
|
|c BOOK
|
| 999 |
0 |
|
|a Taxation
|